| 000 | 00524 a2200145 4500 | ||
|---|---|---|---|
| 003 | NUST | ||
| 005 | 20230221184108.0 | ||
| 040 | _cNust | ||
| 082 | _a297.3,NAD | ||
| 100 |
_aNadvi, Moulana Syed Abu Ul Hassan Ali _9109404 |
||
| 245 |
_aMuslim Mumalik Main Islamiat Aur Maghribiat Ki Kashmakash / مسلم ممالک میں اسلامیت اور مغربیت کی کشمکش (Urdu) / _cMaulana Abul Hasan Ali Nadvi |
||
| 260 |
_aKarachi _bMajlis Nisharrat Nazam Abad _c1981 |
||
| 300 | _a344 p.; | ||
| 942 |
_2ddc _cBK _k297.3,NAD |
||
| 999 |
_c194202 _d194202 |
||